MARC

LEADER 00000nam0a2200000 4500
001 22184
005 20231030194546.0
010 |a 0194327108 
035 |a (RuTPU)RU\TPU\book\22396 
035 |a BOOK00022466 
090 |a 22184 
100 |a 20011209d1994 m y0engy50 ba 
101 0 |a eng 
102 |a GB 
105 |a y j 000zy 
200 1 |a  Training Course for Tefl 
210 |a Oxford  |c Oxford University Press  |d 1994 
215 |a 337 p. 
610 1 |a английский язык 
610 1 |a учебные пособия 
610 1 |a методика 
610 1 |a преподавание 
686 |a Ш143.21-923  |v LBC/SL-A  |2 rubbk 
686 |a Ш143.21-91  |v LBC/SL-A  |2 rubbk 
801 0 |a RU  |b 63413507  |c 20011209  |g PSBO 
801 2 |a RU  |b 63413507  |c 20150603  |g PSBO 
942 |c BK